000 00439nam a22001577a 4500
005 20251108171804.0
008 250721s1983 xx 000 0 ara d
082 1 4 _aط/ق/ميخ
100 1 _aخوري، ميخائيل
245 1 0 _aوزة الريش الذهب :
_bقوس قزح /
264 1 _aبيروت :
_bبيت الحكمة،
_c1983.
300 _a35ص
650 1 7 _aأدب الأطفال
942 _2ddc
_cBK
999 _c62554
_d62554